| 000 | 00685nam a2200217Ii 4500 | ||
|---|---|---|---|
| 003 | JO-AjNU | ||
| 008 | 230605s9999||||xx |||||||||||||| ||und|| | ||
| 017 | _a2008/2/318 | ||
| 040 |
_aJO-AjNU _bara _erda _cJO-AjNU |
||
| 041 | _aara | ||
| 050 | 1 | 4 | _aQA303.S24 2009 |
| 100 | 3 |
_aصالح ، محمود محمد سليم, _eauthor _929814 |
|
| 245 | 0 | 0 | _aمدخل لحساب التفاضل |
| 250 | _aط2 | ||
| 264 | 3 | 1 | _aعمان:مكتبة المجتمع العربي ،2009 |
| 300 | _a308ص | ||
| 336 |
_atext _btxt _2rdacontent |
||
| 337 |
_aunmediated _bn _2rdamedia |
||
| 338 |
_avolume _bnc _2rdacarrier |
||
| 650 | 4 |
_aالجبر-الحسابات-الرياضيات _929815 |
|
| 999 |
_aA11741 _c15309 _d15309 |
||